header

John Marshall and the heroic age of the Supreme Court (Record no. 90922)

MARC details
000 -LEADER
fixed length control field 01395nam a2200361Ia 4500
082 04 - DEWEY DECIMAL CLASSIFICATION NUMBER
Classification number 347.73/2634
-- B
100 1# - MAIN ENTRY--AUTHOR NAME
Personal name Newmyer, R. Kent.
245 10 - TITLE STATEMENT
Title John Marshall and the heroic age of the Supreme Court
260 ## - PUBLICATION, DISTRIBUTION, ETC. (IMPRINT)
Place of publication Baton Rouge :
Name of publisher Louisiana State University Press,
Year of publication c2001.
300 ## - PHYSICAL DESCRIPTION
Number of Pages xviii, 511 p. :
Other physical details ill.
490 1# - SERIES STATEMENT
Series statement Southern biography series
650 #0 - SUBJECT ADDED ENTRY--TOPICAL TERM
Topical Term Judges
856 40 - ELECTRONIC LOCATION AND ACCESS
Uniform Resource Identifier http://site.ebrary.com/lib/rucke/Doc?id=10554072

No items available.

© 2026 Rongo University
Contact us: librarian | system librarian | Rongo university